| 000 | 00745nam a2200277Ia 4500 | ||
|---|---|---|---|
| 003 | OSt | ||
| 005 | 20221006151308.0 | ||
| 006 | a|||||r|||| 00| 0 | ||
| 007 | ta | ||
| 008 | 221006b |||||||| |||| 00| 0 eng d | ||
| 020 |
_aB004JSWHH8 _c _4.50 |
||
| 024 | _a21,623 | ||
| 037 | _cTextual | ||
| 040 |
_aEASL _cEASL _beng |
||
| 041 |
_2eng _aeng |
||
| 082 | _az41aN5, K4 | ||
| 100 | _aCHESNEAUX Jean | ||
| 245 | 0 | _aIntroduction aux etudes d' Histoire contemporaine de Chine, 1898-1949 | |
| 260 |
_aMouton _bParis La Haye _c1964 |
||
| 300 |
_a148p. _ccm. |
||
| 490 | _v BB | ||
| 650 | _aCEL | ||
| 700 |
_a LUST John _9658814 |
||
| 942 |
_hz41aN5, K4 _cTEXL _2CC |
||
| 999 |
_c1089709 _d1089709 |
||